The crisis of philosophy / (Record no. 121520)
[ view plain ]
| 000 -LEADER | |
|---|---|
| fixed length control field | 01286cam a2200409 a 4500 |
| 001 - CONTROL NUMBER | |
| control field | 807758 |
| 003 - CONTROL NUMBER IDENTIFIER | |
| control field | ARRUPE |
| 005 - DATE AND TIME OF LATEST TRANSACTION | |
| control field | 20141216135235.0 |
| 008 - FIXED-LENGTH DATA ELEMENTS--GENERAL INFORMATION | |
| fixed length control field | 900122s1990 nyu b s001 0 eng |
| 010 ## - LIBRARY OF CONGRESS CONTROL NUMBER | |
| LC control number | 89030040 |
| 020 ## - INTERNATIONAL STANDARD BOOK NUMBER | |
| International Standard Book Number | 0791401529 |
| 020 ## - INTERNATIONAL STANDARD BOOK NUMBER | |
| International Standard Book Number | 0791401537 (pbk.) |
| 035 ## - SYSTEM CONTROL NUMBER | |
| System control number | (OCoLC)19123004 |
| 035 ## - SYSTEM CONTROL NUMBER | |
| System control number | (OCoLC)ocm19123004 |
| 035 ## - SYSTEM CONTROL NUMBER | |
| System control number | (CStRLIN)NYCG90-B4472 |
| 035 ## - SYSTEM CONTROL NUMBER | |
| System control number | (NNC)807758 |
| 040 ## - CATALOGING SOURCE | |
| Modifying agency | NBiSU |
| -- | NNC |
| Transcribing agency | sdfd |
| 050 0# - LIBRARY OF CONGRESS CALL NUMBER | |
| Classification number | B804 |
| Item number | .M35 1989 |
| 082 0# - DEWEY DECIMAL CLASSIFICATION NUMBER | |
| Classification number | 190 |
| Edition number | 19 |
| 090 ## - LOCALLY ASSIGNED LC-TYPE CALL NUMBER (OCLC); LOCAL CALL NUMBER (OCLC) | |
| Classification number (OCLC) (R) ; Classification number, CALL (RLIN) (NR) | B804 |
| Local cutter number (OCLC) ; Book number/undivided call number, CALL (RLIN) | .M35 1990 |
| 300 ## - PHYSICAL DESCRIPTION | |
| Dimensions | 24 cm. |
| 100 1# - MAIN ENTRY--PERSONAL NAME | |
| Personal name | McCarthy, Michael H., |
| Dates associated with a name | 1942- |
| 9 (RLIN) | 13456 |
| 245 14 - TITLE STATEMENT | |
| Title | The crisis of philosophy / |
| Statement of responsibility, etc | Michael H. McCarthy. |
| 260 ## - PUBLICATION, DISTRIBUTION, ETC. (IMPRINT) | |
| Place of publication, distribution, etc | Albany : |
| Name of publisher, distributor, etc | State University of New York Press, |
| Date of publication, distribution, etc | c1990. |
| 300 ## - PHYSICAL DESCRIPTION | |
| Extent | xxi, 383 p. ; |
| 490 1# - SERIES STATEMENT | |
| Series statement | SUNY series in philosophy |
| 500 ## - GENERAL NOTE | |
| General note | Includes indexes. |
| 504 ## - BIBLIOGRAPHY, ETC. NOTE | |
| Bibliography, etc | Bibliography: p. [339]-369. |
| 650 #0 - SUBJECT ADDED ENTRY--TOPICAL TERM | |
| Topical term or geographic name as entry element | Philosophy, Modern |
| Chronological subdivision | 20th century. |
| 9 (RLIN) | 13457 |
| 650 #0 - SUBJECT ADDED ENTRY--TOPICAL TERM | |
| Topical term or geographic name as entry element | Philosophy, Modern |
| Chronological subdivision | 19th century. |
| 9 (RLIN) | 13458 |
| 650 #0 - SUBJECT ADDED ENTRY--TOPICAL TERM | |
| Topical term or geographic name as entry element | Philosophy and civilization. |
| 9 (RLIN) | 13459 |
| 650 #0 - SUBJECT ADDED ENTRY--TOPICAL TERM | |
| Topical term or geographic name as entry element | Civilization, Modern |
| Chronological subdivision | 20th century. |
| 9 (RLIN) | 13460 |
| 650 #0 - SUBJECT ADDED ENTRY--TOPICAL TERM | |
| Topical term or geographic name as entry element | Civilization, Modern |
| Chronological subdivision | 19th century. |
| 9 (RLIN) | 13461 |
| 650 #0 - SUBJECT ADDED ENTRY--TOPICAL TERM | |
| Topical term or geographic name as entry element | Methodology. |
| 9 (RLIN) | 5753 |
| 830 #0 - SERIES ADDED ENTRY--UNIFORM TITLE | |
| Uniform title | SUNY series in philosophy. |
| 9 (RLIN) | 6387 |
| 942 ## - ADDED ENTRY ELEMENTS (KOHA) | |
| Source of classification or shelving scheme | Library of Congress Classification |
| Koha item type | Monograph ( Printed materials) |
| Withdrawn status | Lost status | Source of classification or shelving scheme | Damaged status | Not for loan | Collection code | Home library | Current library | Shelving location | Date acquired | Total Checkouts | Full call number | Barcode | Date last seen | Price effective from | Koha item type |
|---|---|---|---|---|---|---|---|---|---|---|---|---|---|---|---|
| Library of Congress Classification | Main Collection | ARRUPE LIBRARY | ARRUPE LIBRARY | Main Collection | 16/12/2014 | B804 .M35 1989 | 46500003404 | 16/12/2014 | 16/12/2014 | Monograph ( Printed materials) |